| 000 | 00369nam a22001697a 4500 | ||
|---|---|---|---|
| 003 | UA-OsUOA | ||
| 001 | 3099 | ||
| 007 | ta | ||
| 008 | 20050721b un ||||| |||| 00| 0 ukr d | ||
| 100 | _aHeffernan | ||
| 700 | _aJames A. W. | ||
| 942 | _cBK | ||
| 040 |
_aUA-OsUOA _cUA-OsUOA _dUA-OsUOA |
||
| 245 |
_aWriting a college handbook. _bWriting |
||
| 955 | _a2 | ||
| 650 | 7 | _2UDC | |
| 999 |
_c289261 _d289261 |
||